International yearbook of environmental and resource (Record no. 499248)

MARC details
000 -LEADER
fixed length control field 00857nam a2200265Ia 4500
003 - CONTROL NUMBER IDENTIFIER
control field OSt
005 - DATE AND TIME OF LATEST TRANSACTION
control field 20220925181429.0
008 - FIXED-LENGTH DATA ELEMENTS--GENERAL INFORMATION
fixed length control field 220923b |||||||| |||| 00| 0 eng d
037 ## - SOURCE OF ACQUISITION
Terms of availability General Book
040 ## - CATALOGING SOURCE
Original cataloging agency RTL
Transcribing agency RTL
Language of cataloging eng
041 ## - LANGUAGE CODE
Source of code eng
Language code of text/sound track or separate title eng
100 ## - MAIN ENTRY--PERSONAL NAME
Personal name Tietenberg Tom Ed.
9 (RLIN) 253757
245 #0 - TITLE STATEMENT
Title International yearbook of environmental and resource
260 ## - PUBLICATION, DISTRIBUTION, ETC.
Place of publication, distribution, etc. Cheltenham
Name of publisher, distributor, etc. Edward Elgar
Date of publication, distribution, etc. 1998
300 ## - PHYSICAL DESCRIPTION
Extent xvii,292p
Dimensions cm.
490 ## - SERIES STATEMENT
Series statement New Horizons in Environmental Economics
650 ## - SUBJECT ADDED ENTRY--TOPICAL TERM
Topical term or geographic name entry element Economics
700 ## - ADDED ENTRY--PERSONAL NAME
Personal name Folmer Henk Ed.
9 (RLIN) 253758
942 ## - ADDED ENTRY ELEMENTS (KOHA)
Classification part X:271:(G:55), N8
Koha item type General Books
Source of classification or shelving scheme Colon Classification (CC)
Holdings
Withdrawn status Lost status Damaged status Not for loan Home library Current library Date acquired Source of acquisition Cost, normal purchase price Total Checkouts Full call number Barcode Date last seen Cost, replacement price Price effective from Koha item type
        Ratan Tata Library Ratan Tata Library 2022-09-25 8099/�65.00, 16/11/2000, SBD 5048.35   X:271:(G:55) N8 RT1158674 2022-09-25 5048.35 2022-09-25 General Books
Copyright @ Delhi University Library System